| 000 | 00740cab a2200253 4500 | ||
|---|---|---|---|
| 001 | WB2534-16 | ||
| 008 | 090401t1989 xxu||||| |||| 00| 0 eng d | ||
| 035 | _a(Sirsi) u30159 | ||
| 041 | _aeng | ||
| 245 | _aInvestors beware of Sapcos and Pincs | ||
| 260 | _c1989 | ||
| 350 | _a0 | ||
| 490 |
_aEconomist _vvol 312 no 7617, 26/8/89 pp23 & 28 |
||
| 520 | _aReviews the chequered history of single asset property vehicles and their failure to trade successfully on the market so far. | ||
| 650 | _aBILLINGSGATE CITY SECURITIES | ||
| 650 | _aINVESTMENT | ||
| 650 | _aPINCS | ||
| 650 | _aSAPCOS | ||
| 650 | _aSECURITISATION | ||
| 650 | _aUNITISATION | ||
| 690 | _aPROPERTY LAW AND PRACTICE | ||
| 942 | _n0 | ||
| 948 | _c04/03/1997 | ||
| 999 |
_c20317 _d20317 |
||